Výskum a vývoj materiálnych didaktických prostriedkov pre všeobecnovzdelávacie školy (zborník) 2. diel

Podrobná bibliografia
Ďalší autori: Kouba, Luděk, 1937-1998 (Zostavovateľ, kompilátor), Neumanová, Ľuba (Prekladateľ)
Médium: Kniha
Jazyk:slovenčina
čeština
PhysicalDescription:171 s. tab. 20 cm
Vydavateľské údaje: Bratislava Slovenské pedagogické nakladateľstvo 1982
Vydanie:1. vyd.
Predmet:

MARC

LEADER 00000cam a2200000 a 4500
001 vtls001099420
003 SK-MaSNL
005 20260311133706.0
008 240226s1982 xo a f n 000 0 slo
015 |a SNBA1982/10 
020 |q (brož.) 
035 |a SNK000042262 
035 |a 56A81178-0459-4012-BEF1-C0BB444C726F 
035 |a urn:nbn:sk:snk-am00ikbx 
040 |a SNK  |b slo  |c SNK  |e AACR2 
041 1 |a slo  |b rus  |h cze 
043 |a e-cs--- 
044 |a xo  |c SK 
080 |a 371.68(082)  |2 1981 
245 0 0 |a Výskum a vývoj materiálnych didaktických prostriedkov pre všeobecnovzdelávacie školy  |b (zborník)  |n 2. diel  |c zostavil Luděk Kouba ; preklad Ľuba Neumanová 
250 |a 1. vyd. 
260 |a Bratislava  |b Slovenské pedagogické nakladateľstvo  |c 1982  |e Bratislava  |f Svornosť 
300 |a 171 s.  |b tab.  |c 20 cm 
366 |e 1000 výtl. 
500 |a Účelová publikácia MŠ SSR 
504 |a Obsahuje bibliografiu 
546 |a Ruské resumé 
650 0 7 |a základné školy  |2 SNKPH  |9 1280 
650 0 7 |a stredné školy  |2 SNKPH  |9 1279 
650 0 7 |a učebné pomôcky  |2 SNKPH  |9 13833 
650 0 7 |a didaktická technika  |2 SNKPH  |9 67672 
651 7 |a Československo  |2 SNKPHgeo  |9 21376 
655 7 |a zborníky  |2 SNKPH  |9 70165 
700 1 |a Kouba, Luděk,  |d 1937-1998  |4 com  |9 241421 
700 1 |a Neumanová, Ľuba  |4 trl  |9 346175 
852 |a Slovenská národná knižnica 
954 |a odborná, vedecká literatúra cudzojazyčná (svetová) 
958 |a OND 
958 |a NB 
958 |a CZ 
958 |a TL 
958 |a OP 
958 |a EUIPO 
999 |c 855784  |d 857714 
952 |t P60, <04>, [BOOK], {604}  |a SNK  |b SNK  |y VYP  |7 0  |p 17A0030830  |o snkSC 53074/2 D1  |0 0  |1 0  |4 0  |d 1997-01-16  |l 0  |r 2004-12-31 00:00:00  |w 2026-02-24 
952 |a SNK  |b SNK  |y PREZ  |7 0  |p 17A0864047  |o snkSC 53074/2  |i snkKSP 8458/82  |0 0  |1 0  |4 0  |d 2012-08-06  |f 1  |l 0  |r 2025-11-06 00:00:00  |w 2026-02-24